| 000 | 00000nam##2200000za#4500 |
| 001 | 9.614828 |
| 003 | CaOODSP |
| 005 | 20211126112847 |
| 007 | ta |
| 008 | 150406|1999||||xxc||||| f|0| 0 eng|d |
| 020 | |a0-662-27859-3 |
| 022 | |a1192-5434 |
| 040 | |aCaOODSP|beng |
| 043 | |an-cn--- |
| 086 | 1 |aFB3-2/99-10E |
| 110 | 2 |aBank of Canada. |
| 245 | 10|aReal effects of collapsing exchange rate regimes : |ban application to Mexico / |cby Patric N. Osakwe and Lawrence L. Schembri. |
| 260 | |aOttawa - Ontario : |bBank of Canada |c1999. |
| 300 | |av, 32p. : |bgraphs, references, tables ; |c28 cm. |
| 490 | 1 |aWorking paper|x1192-5434|v99-10 |
| 500 | |a"This paper examines the impact of a collapsing exchange rate regime on output in an open economy in which shocks to capital flows and exports predominate. A sticky-price rational expectations model is used to compare the variability of output under the collapsing regime to that under alternative fixed and flexible regimes."--Abstract. |
| 520 | 3 |aThis paper examines the impact of a collapsing exchange rate regime on output in an open economy in which shocks to capital flows and exports predominate. A sticky-price rational expectations model is used to compare the variability of output under the collapsing regime to that under alternative fixed and flexible regimes.--Abstract |
| 546 | |aRésumés en français |
| 563 | |aSoftcover |
| 590 | |a99-18|b1999-05-07 |
| 690 | 07|aExchange rates|2gcpds |
| 690 | 07|aCurrency|2gcpds |
| 720 | 1 |aOsakwe, Patric N. |
| 720 | 1 |aSchembri, Lawrence L. |
| 776 | 0#|tReal effects of collapsing exchange rate regimes : |w(CaOODSP)9.571694 |
| 830 | #0|aWorking paper,|x1192-5434|v99-10|w(CaOODSP)9.514622 |
| 986 | |a99-10 |